000 00292nam a2200121Ia 4500
005 20251222154332.0
008 251222s9999||||xx |||||||||||||| ||spa||
020 _a84-02-07919-9
082 _a869.34/D89
100 _a"Donoso Yáñez, José"
245 0 _aEl lugar sin límites
942 _cLIB
999 _c34197
_d34197